| 000 | 00760nam a2200229 a 4500 | ||
|---|---|---|---|
| 001 | BRL_958 | ||
| 005 | 20190320210954.0 | ||
| 008 | 291013s1980----mx-a######---#000-0#spa-# | ||
| 041 | _aspa | ||
| 044 | _amx | ||
| 050 | 4 |
_aTT873 _b.A63 1980 |
|
| 245 | 1 | 0 | _aLos Amateros del Balsas |
| 260 |
_a[México] _bContraste, S.A. de C.V. _c[1980?] |
||
| 300 |
_a1 portafolio _bil., 10 láminas sobre cartoncillo negro _c49 cm. |
||
| 500 | _aEdición especial fuera de comercio dedicada a los amigos y favorecedores de Contraste S.A. de C.V. con motivo de las fiestas navideñas | ||
| 500 | _aAu2279 | ||
| 650 | 1 | 4 |
_aPapel amate _xHistoria _925448 |
| 650 | 1 | 4 |
_aPapel hechoa a mano _925449 |
| 710 | 2 |
_aContraste, S.A. de C.V. _925450 |
|
| 902 | _aGRL | ||
| 942 |
_2lcc _cB |
||
| 999 |
_c9770 _d9770 |
||